01766nam a2200445Ia 4500001001200000003000800012006001900020007001500039008004100054010001700095020001500112020001500127020001500142020001800157020001800175020001800193040002100211035002100232050002200253100002500275245011100300260005600411300002300467504005100490533015200541650003700693651003900730651004000769651002700809651004600836651004700882651003400929651005900963651006001022651004701082655002901129710001701158856012601175999001901301ebr10464789CaPaEBRm u cr cn|||||||||100719s2011 msua sb 001 0deng d z 2010029867 z1604739452 z1604739460 z1604739479 z9781604739459 z9781604739466 z9781604739473 aCaPaEBRcCaPaEBR a(OCoLC)71303449514aF369b.M44 2011eb1 aMcNulty, Ian,d1973-10aLouisiana ramblesh[electronic resource] :bexploring America's Cajun and Creole heartland /cIan McNulty. aJackson :bUniversity Press of Mississippi,cc2011. axx, 297 p. :bill. aIncludes bibliographical references and index. aElectronic reproduction.bPalo Alto, Calif. :cebrary,d2011.nAvailable via World Wide Web.nAccess may be limited to ebrary affiliated libraries. 0aCajunsxSocial life and customs. 0aLouisianaxDescription and travel. 0aLouisianaxSocial life and customs. 0aLouisianavGuidebooks. 0aGulf Coast (La.)xDescription and travel. 0aGulf Coast (La.)xSocial life and customs. 0aGulf Coast (La.)vGuidebooks. 0aMississippi River Delta (La.)xDescription and travel. 0aMississippi River Delta (La.)xSocial life and customs. 0aMississippi River Delta (La.)vGuidebooks. 7aElectronic books.2local2 aebrary, Inc.40uhttp://site.ebrary.com/lib/rucke/Doc?id=10464789zAn electronic book accessible through the World Wide Web; click to view c128658d128658